脫毛老鷹 : 航空宣教入叢林Tuo mao lao ying : hang kong xuan jiao ru cong lin = The eagle lose its feathers : hang kong xuan jiao ru cong lin : aviation missionary into jungle {ch} / (Record no. 37521)
[ view plain ]
| 000 -LEADER | |
|---|---|
| fixed length control field | 00945 am a2200229 4500 |
| 005 - DATE AND TIME OF LATEST TRANSACTION | |
| control field | 20200312172831.0 |
| 008 - FIXED-LENGTH DATA ELEMENTS--GENERAL INFORMATION | |
| fixed length control field | 090918t 000 0 chi d |
| 020 ## - INTERNATIONAL STANDARD BOOK NUMBER | |
| International Standard Book Number | 9575563581 |
| 020 ## - INTERNATIONAL STANDARD BOOK NUMBER | |
| International Standard Book Number | 9789575563585 |
| 040 ## - CATALOGING SOURCE | |
| Original cataloging agency | lgv |
| 050 #4 - LIBRARY OF CONGRESS CALL NUMBER | |
| Classification number | BV3342.C35 |
| Item number | A3 1999 |
| 100 ## - MAIN ENTRY--PERSONAL NAME | |
| Personal name | 蔡耀明 Yaoming Cai |
| 9 (RLIN) | 134 |
| 245 10 - TITLE STATEMENT | |
| Title | 脫毛老鷹 : 航空宣教入叢林Tuo mao lao ying : hang kong xuan jiao ru cong lin = The eagle lose its feathers : hang kong xuan jiao ru cong lin : aviation missionary into jungle {ch} / |
| Statement of responsibility, etc | 蔡耀明著 [= Philip Tsai.] ; Yaoming Cai. |
| 260 ## - PUBLICATION, DISTRIBUTION, ETC. (IMPRINT) | |
| Place of publication, distribution, etc | 台北: |
| Name of publisher, distributor, etc | 橄欖, |
| Date of publication, distribution, etc | 1999. |
| 300 ## - PHYSICAL DESCRIPTION | |
| Extent | 1, 4, 198 p., 8 pages of plates : |
| Dimensions | 21 cm. |
| Other physical details | ill. ; |
| 440 ## - SERIES STATEMENT/ADDED ENTRY--TITLE | |
| Title | 當代生命見證叢書 Dang dai sheng ming jian zheng cong shu, |
| Volume number/sequential designation | 6 |
| 9 (RLIN) | 135 |
| 600 #0 - SUBJECT ADDED ENTRY--PERSONAL NAME | |
| Personal name | Cai, Yao-Ming {ch}. |
| 9 (RLIN) | 136 |
| 650 #0 - SUBJECT ADDED ENTRY--TOPICAL TERM | |
| Topical term or geographic name as entry element | Missions |
| Geographic subdivision | Indonesia {ch}. |
| 650 #0 - SUBJECT ADDED ENTRY--TOPICAL TERM | |
| Topical term or geographic name as entry element | Aeronautics in missionary work {ch}. |
| 9 (RLIN) | 137 |
| 700 ## - ADDED ENTRY--PERSONAL NAME | |
| 9 (RLIN) | 138 |
| Personal name | Tsai, Philip |
| 942 ## - ADDED ENTRY ELEMENTS (KOHA) | |
| Source of classification or shelving scheme | Library of Congress Classification |
| Item type | Books |
| Koha issues (borrowed), all copies | 1 |
| Withdrawn status | Lost status | Source of classification or shelving scheme | Damaged status | Not for loan | Home library | Current library | Shelving location | Date acquired | Source of acquisition | Cost, normal purchase price | Inventory number | Total Checkouts | Full call number | Barcode | Checked out | Date last seen | Date last borrowed | Price effective from | Koha item type |
|---|---|---|---|---|---|---|---|---|---|---|---|---|---|---|---|---|---|---|---|
| Library of Congress Classification | BSOP Library | BSOP Library | Chinese Books (General Circulation) | 05/30/2014 | Hua Xuan | 240.00 | C-12010 | 1 | BV3342 C12e | 00044410 | 03/26/2020 | 03/12/2020 | 03/12/2020 | 05/30/2014 | Books |
